| 000 -ლიდერი |
| ფიქსირებული სიგრძის საკონტროლო ველი |
01358nam a2200241Ia 4500 |
| 001 - საკონტროლო ნომერი |
| საკონტროლო ველი |
22481 |
| 003 - საკონტროლო ნომრის იდენტიფიკატორი |
| საკონტროლო ველი |
GE_BSU |
| 005 - ბოლო ოპერაციის თარიღი და დრო |
| საკონტროლო ველი |
20230322155117.0 |
| 008 - ფიქსირებული სიგრძის მონაცემთა ელემენტები - ზოგადი ინფორმაცია |
| ფიქსირებული სიგრძის საკონტროლო ველი |
181216s ||||ge |||||||||||||| ||geo|| |
| 040 ## - კატალოგიზაციის წყარო |
| Transcribing agency |
GE_BSU |
| 041 ## - ენის კოდი |
| Language code of text/sound track or separate title |
geo |
| 080 ## - უნივერსალური ათობითი კლასიფიკაციის ინდექსი |
| Universal Decimal Classification number |
39 ე-41 |
| 245 ## - ცნობა სათაურის შესახებ |
| Title |
ეთნოლოგიის ქრესტომათია / |
| Statement of responsibility, etc |
შემდგ. სოსო ჭანტურიშვილი ; რედ. ვ. შამილაძე. |
| 264 ## - წარმოების, გამოცემის, დისტრიბუციის და სხვა ცნობები |
| გამოცემის, წარმოების, დისტრიბუციის... ადგილი |
თბილისი : |
| გამოცემის, წარმოების, დისტრიბუციის... სახელწოდება |
თბილ. უნ-ტის გამ-ბა, |
| გამოცემის, წარმოების, დისტრიბუციის... თარიღი |
1997. |
| 300 ## - ფიზიკური აღწერა |
| Extent |
596 გვ. ; |
| Dimensions |
26 სმ. |
| 500 ## - ზოგადი შენიშვნა |
| General note |
წიგნში თავმოყრილია ანტიკური ხანის, შუა საუკუნეების, ახალი და თანამედროვე დროის ეთნოლოგთა ძირითადი ნაშრომები-ნაწყვეტების ან მთლიანი თხზულებების სახით |
| 653 ## - INDEX TERM--UNCONTROLLED |
| Uncontrolled term |
ეთნოლოგიის ქრესტომათია |
| 653 ## - INDEX TERM--UNCONTROLLED |
| Uncontrolled term |
ეთოლოგია |
| 700 ## - ADDED ENTRY--PERSONAL NAME |
| Personal name |
ჭანტურიშვილი, სოსო |
| Relator term |
შემდგენელი |
| 9 (RLIN) |
13920 |
| 700 ## - ADDED ENTRY--PERSONAL NAME |
| Personal name |
შამილაძე, ვ. |
| Relator term |
რედაქტორი |
| 9 (RLIN) |
3471 |
| 942 ## - ADDED ENTRY ELEMENTS (KOHA) |
| Koha item type |
წიგნი |
| Source of classification or shelving scheme |
|